[Event "Sinquefield Cup 5th"]
[Site "Saint Louis"]
[Date "2017.08.04"]
[Round "3"]
[White "Caruana, Fabiano"]
[Black "Nepomniachtchi, Ian"]
[Result "1/2-1/2"]
[WhiteElo "2807"]
[BlackElo "2742"]
[Annotator "Quintiliano,R"]
[PlyCount "75"]
[EventDate "2017.08.02"]
[EventType "tourn"]
[EventRounds "9"]
[EventCountry "USA"]
[EventCategory "22"]
[SourceTitle "CBM 180"]
[Source "ChessBase"]
[SourceDate "2017.09.13"]
[SourceVersion "1"]
[SourceVersionDate "2017.09.13"]
[SourceQuality "1"]

1. e4 c5 2. Nc3 {The Closed Sicilian is a very rare choice at the top level...}
d6 3. Nge2 {But ok, Caruana is going to open with d4, just a different move
order...} Nf6 4. g3 {And there is! Definitely, a Closed Sicilian.} g6 5. Bg2
Nc6 6. d3 Bg7 7. h3 Rb8 {The plans for both sides are easy to understand:
White can play in the centre or on the kingside, while Black should push his
queenside pawns in order to gain space and give more power to the Bg7.} 8. a4 {
This move is not so useful for White, because he can't avoid b5 anyway, and,
as the game shows, Black is the side who can activate his rook using the
a-file in such positions.} (8. Be3 {or}) (8. f4 {are more common options, for
example} Bd7 9. Be3 b5 10. Qd2 b4 11. Nd1 O-O 12. O-O {and compared to te game,
Black doesn't have the idea of Ra8, instead, he should try something like} a5 {
[%cal Ya5a4,Yf6e8,Ya4a3] leading to interesting positions.}) 8... a6 9. f4 Bd7
({Of course, not} 9... b5 $4 10. e5) 10. Be3 b5 11. axb5 axb5 12. Qd2 {Another
necessary move in these variations, freeing the d1-square for the knight in
case of ...b4.} b4 13. Nd1 O-O 14. O-O Qc7 {[%cal Yb8a8]} 15. g4 Ra8 16. Rb1 {
It's better to avoid this exchange, as on b1 the rook protects b2 and the
first rank.} (16. Rxa8 Rxa8 {is usually better for Black, as the rook can
enter any time on the 7th or 8th rank with the initiative on the queenside.})
16... Ra2 17. f5 {White should play this move in order to try to open the
kingside and to play Bh6 trading the strong g7-bishop, but now Black gains a
nice central post for his knight, As far as i know about these positions, this
is enough to keep a solid position.} Ne5 18. Bh6 Qa7 $1 19. Kh1 Bb5 {Black is
preparing to put some pressure on White's queenside.} 20. Bxg7 Kxg7 21. Nf4 {
After a calm and natural opening with both sides making their plans, the game
is about to become funny.} (21. g5 {would be inaccurate as after} Nh5 $1 {
this knight does a good job stopping White's initiative on the kingside.})
21... c4 22. g5 $1 (22. dxc4 Bxc4 23. Rg1 Qb7 {and Black is ok.}) (22. Qxb4 {
looks risky} cxd3 $1 23. Nxd3 (23. cxd3 Bxd3 24. Nxd3 Nxd3 25. Qd2 Ne5 {
is pretty solid for Black}) 23... Ra4 $1 {a nice tactical point} 24. Qb3 (24.
Qxb5 Rb8 $19 {[%csl Rb5]}) 24... Bxd3 25. cxd3 Rb8 26. Qc3 Rab4 $17 {Black has
strong domination on the dark-squares.}) 22... Nfd7 23. Ne3 $6 {This allows
Black to achieve a slightly better position.} (23. Qxb4 $1 {now looks better
than before} cxd3 (23... Rb8 $2 24. Qd2 cxd3 25. cxd3 Qd4 26. Nc3 Ra6 27. Nce2
Qa7 28. d4 $16) 24. cxd3 Bxd3 25. f6+ $1 {this possibility for White makes the
difference} exf6 26. Nxd3 Nxd3 27. gxf6+ Kh8 (27... Nxf6 28. Qxd6 $18 {[%csl
Rd3,Rf6]}) 28. Qd2 (28. Qxd6 N3e5 29. Qd2 Ra6 {[%csl Gf6]}) 28... N3c5 29. Nc3
(29. Qxd6 Ra6 30. Qd4 Re8 $44 {[%cal Yc5e4] Black has good activity in return
for the pawn}) 29... Ra6 30. b4 Ne6 31. b5 Ra3 32. Nd5 $14 {[%csl Gb5,Gf6]
it's going to be a difficult defence for Black, as White has pawns on both
sides that are pretty annoying.}) 23... b3 $2 {Black rushes to increase the
tension on the queenside, but actually this is bad.} (23... cxd3 {looks
interesting, but there are some very complicated lines after} 24. cxd3 (24.
Nxd3 b3 $1 25. c4 Bxc4 26. Nxc4 Nxc4 27. Qc3+ Nde5 $15 28. Qxb3 $2 Nd2) 24...
Nc5 {[%csl Yd3] the pressure on d3 forces White to look for active options} 25.
Ned5 $1 {now Black should find the right way} (25. Qf2 {is good also, but not
so dangerous for Black} Ncxd3 26. Qh4 Nxf4 27. Qh6+ $1 Kg8 28. Rxf4 {[%cal
Yf4h4]} f6 $8 29. fxg6 (29. Rh4 Rf7) 29... Nxg6 30. gxf6 $1 Rxf6 31. Rxf6 exf6
32. Nf5 Ra1 $1 33. Rxa1 Qxa1+ 34. Kh2 Qa7 35. Nxd6 Bd7 $13) 25... Nexd3 $1 (
25... Ncxd3 $2 26. f6+ Kh8 (26... exf6 $2 {it is wrong because now the queen
gains access to h6} 27. gxf6+ Kh8 28. Nxd3 Nxd3 29. Qh6 Rg8 30. Ne7 $18) 27.
Nxd3 Bxd3 28. fxe7 Re8 29. Qxb4 Bxb1 (29... Bxf1 30. Bxf1 {[%cal Yf1b5]}) 30.
Qxd6 $1 Qb8 31. Qf6+ Kg8 32. Rxb1 {and Black is losing, but in a very
difficult line to calculate} Rxb2 33. Rxb2 Qxb2 34. Qd6 {[%cal Rd5f6]} Kg7 35.
Bf1 $3 (35. Nf6 Qc1+ 36. Kh2 Qf4+ $11) 35... Qa1 36. Qf6+ Kg8 37. Qa6 $1 Qxa6
38. Bxa6 $18 {[%cal Ya6b5,Yd5f6]}) (25... Bxd3 $5 26. Nxd3 Ncxd3 27. f6+ Kh8
28. fxe7 Re8 29. Rf6 Qd4 $1 30. Qe2 $14) 26. Nxe7 $1 {in this almost
irrational position, it is impossible to calculate exactly, but the best move
is} (26. f6+ $6 exf6 27. gxf6+ Kh8 28. Nxd3 $2 Bxd3 29. Qh6 Rg8 30. Ne7 Ne6 $1
31. Nxg8 Bxf1 32. Rxf1 Kxg8 $19) 26... Bc4 $1 {[%csl Gd5] keeping d5 more or
less under control} 27. Ned5 (27. Nfd5 Nd7) 27... Nb3 28. Qc2 Ne5 $13 {with a
very complicated and double-edged position.}) 24. d4 $1 bxc2 25. Nxc2 Nd3 {
Black's position looks good, but White has a nice manoeuvre to create some
problems.} 26. Nd5 $1 e5 27. Nc3 Qa5 $8 (27... Ra5 $2 28. b4 $1 cxb3 29. Nxb5
Rxb5 30. Qxd3 $18) 28. dxe5 N7xe5 (28... dxe5 {looks bad after} 29. Ne3 N7c5 (
29... Rb8 30. Rfd1 {[%csl Ra2]}) 30. Qd1 $1 {[%csl Ra2]} Rxb2 31. Rxb2 Nxb2 32.
Qd6 $1 {now White has a deadly attack} Nd7 (32... Nbd3 33. Qf6+ Kg8 34. Ng4 $18
) 33. fxg6 hxg6 (33... fxg6 34. Qe7+ Kg8 35. Rxf8+ Nxf8 36. Ng4 $18) 34. Nf5+
$1 Kh7 (34... gxf5 35. Qh6+ Kg8 36. exf5 {[%cal Gf5f6]}) 35. Ne7 $1 Kg7 (35...
Qxc3 36. Rxf7+ $1) 36. Nxg6 $1 fxg6 37. Qe7+ Kg8 38. Rxf8+ Nxf8 39. Nd5 Nh7 40.
Nf6+ Nxf6 41. gxf6 $18 {[%cal Re7g7]}) 29. Nd4 $6 {But now Black can reach a
solid position by sacrificing an exchange.} ({A better move was} 29. Qe3 $1 {
[%csl Ra2]} Rxb2 30. Rxb2 Qxc3 (30... Nxb2 31. Rb1 {[%csl Rb2,Rb5]} Ned3 32.
Qd4+ Kg8 33. Nd5 $18) 31. Rxb5 Qxc2 32. Rd5 $1 {Black's compensation here
looks greater than it actually is, for example} Qb2 (32... Rd8 33. Qb6) (32...
c3 33. Rxd6 Qd2 34. Qd4 $1 c2 $2 35. Qxe5+ $1 Kg8 36. fxg6 hxg6 37. Rxg6+ $1
fxg6 38. Qe6+ {with mates}) 33. Rxd6 Qb8 34. Qd4 $16) 29... Bd7 30. Rfd1 Qc5 $1
31. Nxa2 Qxd4 $44 {Now Black has a nice position, good posts for his pieces,
and White is unable to create any dangerous ideas .} 32. Rf1 Bc6 33. Nc3 Rb8
34. Qe2 Rb3 35. Nd1 Nc5 36. Nc3 Ncd3 37. Nd1 Nc5 {After mobilising all his
pieces, Nepomniachtchi doesn't see a clear way to improve his position and
goes for a repetition.} (37... gxf5 $5 {was a worthy try, but White is able to
keep the equilibrium} 38. Rxf5 (38. exf5 $2 Nf4 $19) 38... Nc5 39. Nc3 Nxe4 $1
40. Bxe4 $1 (40. Nxe4 $2 Bxe4 41. Bxe4 Rxh3+ 42. Kg2 Re3 $19) 40... Rxc3 41.
Bxc6 (41. bxc3 $2 Qxe4+ 42. Qxe4 Bxe4+ $19 {[%csl Rb1,Rf5]}) 41... Rxh3+ 42.
Kg2 Qh4 {but Black does not have any advantage after} 43. Rxe5 $1 Rh2+ 44. Kf1
(44. Kg1 Rxe2 45. Rxe2 Qg4+ 46. Rg2 Qf5 $1 {is the same}) 44... Rxe2 45. Rxe2
Qh3+ 46. Kg1 (46. Bg2 $2 Qf5+ {[%csl Rb1]}) 46... Qg4+ 47. Rg2 Qf5 $1 {[%csl
Yb1][%cal Yf5c5]} 48. Rf1 Qc5+ 49. Rgf2 Qxc6 50. Rxf7+ Kg6 51. R1f6+ Kxg5 52.
Rf5+ Kg4 53. Rf2 $1) 38. Nc3 {A very interesting game, full of tense moments
and difficult positions to calculate and evaluate.} 1/2-1/2

[Event "London Classic 9th"]
[Site "London"]
[Date "2017.12.05"]
[Round "4"]
[White "Karjakin, Sergey"]
[Black "Caruana, Fabiano"]
[Result "0-1"]
[WhiteElo "2760"]
[BlackElo "2799"]
[Annotator "Hillarp Persson,T"]
[PlyCount "84"]
[EventDate "2017.12.01"]
[EventType "tourn"]
[EventRounds "9"]
[EventCountry "ENG"]
[EventCategory "22"]
[SourceTitle "CBM 182"]
[Source "ChessBase"]
[SourceDate "2018.01.17"]
[SourceVersion "1"]
[SourceVersionDate "2018.01.17"]
[SourceQuality "1"]

{After overcoming my initial instinct of commenting on all the other games, I
finally settled on this one. The result did play a part in my decision.} 1. e4
c5 2. Nf3 e6 3. d4 cxd4 4. Nxd4 Nc6 5. Nc3 (5. Nb5 d6 6. c4 Nf6 7. N1c3 a6 {
leads to a Maroczy setup.} 8. Na3) 5... Qc7 ({The main reason for Black's move
order is to avoid} 5... a6 6. Nxc6 bxc6 7. Bd3 d5 8. O-O {which leads to a
rather un-Sicilian position that demands a lot from a defensive point of view.}
) 6. Be3 ({For a while White scored well with} 6. Ndb5 Qb8 7. Be3 a6 8. Bb6
axb5 9. Nxb5 Bb4+ 10. c3 Ba5 11. Nc7+ Qxc7 12. Bxc7 Bxc7 13. Qg4 g6 14. Bb5 {
, but I always considered this to be a bluff. Black should be winning and it
is a relief for me to see that White has scored horribly from this position in
the last year.}) 6... a6 7. Qf3 $5 {This move popped up already in the early
2000's, but didn't catch on until a decade later. Since then it has even
challenged 7.Qd2 for the most-popular prize and it is easy to understand its
charm. The 7.Qd2-lines can be answered by one thousand sharp lines, whereas
here play becomes more linear and easier to remember. White will plonk the
queen down on g3 and take it from there.} (7. Qd2 Nf6 8. O-O-O {has been
played in a few thousand (not exaggerating this time) tournament games. Lately
Black has preferred} Be7 {to the alternatives. One critical line goes} 9. f3 b5
10. g4 Nxd4 11. Bxd4 Bb7 12. g5 (12. Kb1 $5 {has been played by Caruana
himself.}) 12... Nh5 13. Be5 Qxe5 14. Qxd7+ Kf8 15. Qxb7 Qb8 {and Black was
doing all right in - among others - Khairullin,I (2651)-Jumabayev,R (2564)
Moscow 2014.}) 7... Ne5 {Black has tried virtually everything under the sun
here:} (7... Nf6 8. O-O-O Ne5 9. Qg3 b5 10. f4 Neg4 11. Bg1 {leads to the game.
}) (7... Bd6 8. O-O-O Be5 {looks rather forced and "unnatural" and Caruana had
this position with White only a year ago:} 9. g3 $5 Nge7 10. Qe2 O-O 11. f4
Bxd4 12. Bxd4 Nxd4 13. Rxd4 e5 14. Rd1 exf4 15. e5 $1 {White has a strong
initiative and Black is struggling to find some coordination.} f3 16. Qxf3 Qxe5
17. Bg2 d6 18. Rhe1 Qg5+ 19. Kb1 Be6 20. Qxb7 d5 21. Nxd5 Nxd5 22. Bxd5 Rab8
23. Qc6 $16 {Caruana,F (2810)-Movsesian,S (2675) chess.com IoM Masters 2016})
8. Qg3 b5 $5 {This is a very rare move order. Almost everyone and his dog plays
} (8... h5 {when again we get a position with many possibilities. This is one
of the lovely side effects of playing the Taimanov Sicilian, instead of
any-other-Sicilian.} {The most common move here is} 9. O-O-O ({The game
Swiercz,D (2645)-Durarbayli,V (2605) 28th Carlos Torre Mem 2016, saw a ton of
preparation being meted out before things turned vague:} 9. Bf4 $5 d6 10. Bg5
$1 {This idea is quite dangerous for Black. Now the h-pawn is caught in limbo,
dreaming about how nice it would have been to still be able to go to h6.} b5
11. f4 {This is the "most wanted" engine line.} h4 (11... b4 12. Ncb5 axb5 13.
fxe5 $16) (11... Nc4 12. O-O-O {and White has some kind of accelerated
Bg5-Najdorf where the h5-pawn has gone on a wild goose chase.}) 12. Bxh4 b4 (
12... Ng6 13. Bg5 b4 14. Nd1 $14) 13. Ncb5 axb5 14. fxe5 Bd7 15. O-O-O Rxa2 (
15... Qc5 $5) 16. Nb3 (16. Bxb5 Qa5 17. Bxd7+ Kxd7) 16... Rxh4 17. Qxh4 dxe5
18. Bd3 $14) {when} 9... h4 10. Qh3 b5 11. f4 Nc4 12. Bxc4 Qxc4 13. Kb1 Bb7 14.
Rhe1 Rc8 15. Nb3 b4 16. Na4 Bxe4 $17 {worked beautifully for Black, in
Abdumalik,Z (2420)-Fier,A (2565) St Louis Spring Classic B 2017. It looks to
me like 9.Bf4 is the more dangerous move.}) 9. O-O-O ({This time} 9. Bf4 d6 10.
Bg5 {makes no sense due to} h6) 9... Nf6 10. f4 Neg4 (10... Nc4 11. Bxc4 Qxc4
12. e5 Nd5 13. Nxd5 Qxd5 14. Nb3 Qc4 (14... Qc6 15. Rd6 $1) 15. Kb1 $16 {
[%csl Rc5][%cal Gg3f2]}) 11. Bg1 h5 {I have played h5 under much worse
circumstances. Now e4-e5 can be met with b5-b4 followed by Nf6-somewhere
without the knight on g4 falling prey to the queen.} 12. e5 (12. a3 $6 h4 $1
13. Qf3 Bb7 {is difficult for White. For instance} 14. h3 Nh6 15. Qe3 Rc8 16.
e5 Nh5 {[%cal Gf8a3,Gh5g3] is hugely advantageous for Black. Even ignoring the
threat of Bxa3, White is over-stretched and Black's knight are about to find
excellent outpostss}) (12. Bd3 {is also critical:} Bb7 13. e5 (13. h3 $5 h4 14.
Qf3 Nh6 15. Qe3 Rc8 16. Kb1 Bc5 17. e5 Nh5 {is quite unclear.}) 13... b4 14.
Na4 Nd5 15. h3 Nh6 16. f5 $1 h4 $5 (16... Be7 $132) 17. Qxh4 Qxe5 18. fxe6 $6 (
18. Be4 $1 {, intending} Be7 19. Qe1 {avoids the exchange of queens, which
should be high on White's wish-list.}) 18... dxe6 19. Kb1 Be7 20. Qe1 Qxe1 21.
Rxe1 Ng4 {Henderson de La Fuente,L (2410)-Romanov,E (2625) 21st OIBM 2017, and
only Black could be better.}) 12... b4 $1 13. Na4 $5 {If you are a fan of
statistics then this is your choice. I am guessing Karjakin had stronger
reasons; like fighting for control of the dark squares, c5/b6.} (13. Nb1 Ne4
14. Qe1 Bb7 15. Nd2 (15. h3 Nh6 16. Nd2 Nxd2 17. Qxd2 Rd8 $13) 15... Nxd2 16.
Rxd2 {For once we reach a position where the engine is optimistic about
White's chances.} g6 $5 {An ambitious move.} (16... Be7 {looks like the solid
candidate:} 17. Kb1 Rd8 18. h3 Nh6 19. Bf2 O-O $1) 17. Kb1 Be7 18. Bd3 Nh6 19.
Be4 Rd8 20. Bf2 Bxe4 21. Qxe4 d5 22. exd6 $6 (22. Qf3 $14) 22... Rxd6 23. Qa8+
Rd8 24. Qxa6 O-O $44 {Oparin,G (2605)-Najer,E (2705) 70th ch-RUS HL 2017.})
13... Nd5 ({After} 13... Ne4 14. Qe1 Bb7 15. Nb3 $1 {Black is struggling to
find a way to meet Nb6, while keeping his Ne4 stable when Bd3 comes.}) 14. Nb3
{Karjakin's plan is to occupy the c5-square and - if Black is not careful -
perhaps even manage to exchange the dark squared bishops. However good this
sounds, it seems like something goes wrong for White around here.} ({Earlier
games went} 14. h3 {and this seems like the better move.} Nh6 15. Bd3 g6 {
and there have been two games from this position in the last few years:} 16.
Kb1 (16. Be4 Bb7 17. Qf3 Nf5 $2 (17... Rc8 $5) 18. Nxf5 gxf5 19. Bxd5 Bxd5 20.
Rxd5 exd5 21. Nb6 {was absolutely horrendous for Black, in Fier,A (2580)
-Leenhouts,K (2485) 9th Batavia GM 2017.}) 16... Bb7 17. Nb3 $2 (17. Be4) 17...
Bc6 18. Nac5 a5 $5 (18... Nf5 $1) 19. Ne4 $15 {Rodi,L (2335)-Borges,G (2205) I
Duchamp Int Open 2017}) (14. Nf5 $5 Bb7 15. Nd6+ Bxd6 16. exd6 Qxd6 17. Nb6 Rd8
18. Nxd5 Bxd5 19. Bc4 O-O 20. h3 Nh6 (20... Nf6 21. Bd4) 21. Bxd5 exd5 22. Qf3
Rc8 23. Rxd5 Qc7 24. Rc5 {is pretty much forced and completely equal after} Qd6
25. Rxh5 Rc4) (14. Kb1 $5) 14... Bb7 15. Nac5 {This turns out to be a
questionable victory, but it was already too late to turn to other plans. The
Sicilian is an unforgiving opening for those who do not play the best move;
the difference between doing fine and being worse is often hard to discern.}
Bc6 $1 {Now Black is ready to continue with a6-a5-a4.} 16. Ne4 ({This was the
last opportunity to kick Ng4 back before it is too late.} 16. h3 $1 Nh6 17. Ne4
$1 Nf5 18. Qf3 {and the position remains about balanced.}) 16... f5 $1 17. h3
$2 (17. exf6 $1 gxf6 18. h3 {is the best chance here, but after} Qxf4+ $1 (
18... Nxf4 19. Qe1 $13) 19. Qxf4 Nxf4 20. Rd4 Bh6 {Black is better. The
central pawn mass and the well coordinated minor pieces will control the game:}
21. Kb1 Ne5 22. Na5 Bxe4 23. Rxe4 Nd5 24. Be2 Ke7 25. Bc5+ d6 26. Bxb4 Rag8 27.
Bf1 f5 28. Rxe5 Nxb4 $36 {A very sample-ish line.}) (17. Nd6+ Bxd6 18. exd6
Qxd6 {and not only is f4 a goner, but the queens will have to come off too.})
17... h4 $1 18. Qe1 fxe4 $1 (18... Nh6 19. Nd6+ Bxd6 20. exd6 Qxd6 21. Kb1 Qxf4
{is also better for Black, but after} 22. Nd4 {White can mess things up much
more than in the game.}) 19. hxg4 Nxf4 20. Rxh4 Rxh4 21. Qxh4 Qxe5 {White's
centre has crumbled and he doesn't have anything to show for it.} 22. Bd4 Ng6
$1 23. Qh3 Qg5+ 24. Kb1 {A difficult situation for Black, in the sense that
there are plenty of good moves that keep an advantage, while it is difficult
to see which move is best. In those situation it is generally a good idea to
play a good move.} Bd5 {...and this is a good move. Perhaps} (24... d5 {or}) (
24... Nf4 {is better, but it would take a lot of time to decide which is
better and why.}) 25. Bg1 (25. Be3 Qh4 26. Qxh4 Nxh4 27. Nc5 a5 $17) 25... Be7
26. g3 {It is hard to come up with good advice for White, but this is not it.
Now the light squares are further weakened.} Ne5 27. Be2 Nf3 28. Bxf3 exf3 29.
Bd4 Kf7 30. Nc1 d6 $1 {If this was a movie, the camera would zoom in on the
bishop's sweaty face as he hears a shout in the distance: "The pawns are
coming. Run!"} 31. Nd3 e5 32. Bf2 Be6 33. Nxb4 e4 34. Qh1 Rc8 35. Nxa6 Qa5 36.
Qh5+ Qxh5 37. gxh5 Bg5 38. Re1 Bc4 (38... Bd2 $1 39. Rxe4 Bf5 {wins tons of
material.}) 39. Nb4 Re8 40. Re3 Bxe3 41. Bxe3 Re5 42. g4 Rg5 0-1

[Event "London Classic 9th"]
[Site "London"]
[Date "2017.12.08"]
[Round "6"]
[White "Vachier Lagrave, Maxime"]
[Black "Caruana, Fabiano"]
[Result "1/2-1/2"]
[WhiteElo "2789"]
[BlackElo "2799"]
[PlyCount "72"]
[EventDate "2017.12.01"]
[EventType "tourn"]
[EventRounds "9"]
[EventCountry "ENG"]
[EventCategory "22"]
[SourceTitle "CBM 182"]
[Source "ChessBase"]
[SourceDate "2018.01.17"]
[SourceVersion "1"]
[SourceVersionDate "2018.01.17"]
[SourceQuality "1"]

1. e4 e5 2. Nf3 Nf6 3. Nxe5 d6 4. Nf3 Nxe4 5. d4 d5 6. Bd3 Bd6 7. O-O O-O 8. c4
c6 9. Re1 Bf5 10. Qb3 Qd7 11. Nc3 Nxc3 12. Bxf5 Qxf5 13. Qxb7 Qd7 14. Qxd7 Nxd7
15. c5 Bxh2+ 16. Nxh2 Ne4 17. f3 Ng3 18. Bf4 Nf5 19. Rad1 Rfe8 20. Rxe8+ Rxe8
21. g4 Ne7 22. Rd3 Nf8 23. Rb3 Ne6 24. Be3 Ng6 25. Kf2 Ngf4 26. Rb7 Kf8 27. Nf1
Re7 28. Rb8+ Re8 29. Rb7 Re7 30. Rb8+ Re8 31. Rxe8+ Kxe8 32. Bxf4 Nxf4 33. Ke3
Ng2+ 34. Kf2 Nf4 35. Ke3 Ng2+ 36. Kf2 Nf4 1/2-1/2

[Event "London Classic 9th"]
[Site "London"]
[Date "2017.12.09"]
[Round "7"]
[White "Caruana, Fabiano"]
[Black "So, Wesley"]
[Result "1/2-1/2"]
[WhiteElo "2799"]
[BlackElo "2788"]
[PlyCount "60"]
[EventDate "2017.12.01"]
[EventType "tourn"]
[EventRounds "9"]
[EventCountry "ENG"]
[EventCategory "22"]
[SourceTitle "CBM 182"]
[Source "ChessBase"]
[SourceDate "2018.01.17"]
[SourceVersion "1"]
[SourceVersionDate "2018.01.17"]
[SourceQuality "1"]

1. e4 e5 2. Nf3 Nc6 3. Bb5 a6 4. Ba4 Nf6 5. d3 Bc5 6. c3 b5 7. Bb3 d6 8. Nbd2
O-O 9. Nf1 d5 10. exd5 Nxd5 11. Ng3 f6 12. O-O Be6 13. Ne4 Be7 14. d4 exd4 15.
Nxd4 Nxd4 16. Qxd4 Bf7 17. Re1 Re8 18. Be3 c6 19. Ng3 Bf8 20. Bd2 Qd7 21. Bc2
c5 22. Qh4 Bg6 23. Bxg6 hxg6 24. Rad1 Rxe1+ 25. Rxe1 Re8 26. Rxe8 Qxe8 27. Qg4
Kf7 28. Qf3 Qd7 29. Ne4 Qf5 30. Qe2 c4 1/2-1/2